Statistics for States that border Arkansas

Click here to take the quiz!

General Stats

  • This quiz has been taken 382 times
  • The average score is 5 of 6

Answer Stats

HintAnswer% Correct
6Texas
96%
3Missouri
92%
4Oklahoma
91%
1Louisiana
90%
2Mississippi
89%
5Tennessee
86%

Score Distribution

Percentile by Number Answered

Percent of People with Each Score

Your Score History

You have not taken this quiz